South Eastern Kenya University

Library Online Public Access Catalogue


Rainwater catchment system: proceedings of the second National Conference on Rainwater Catchment Systems in Kenya Naiorbi.30th Auust -4th September, 1992 (Record no. 18539)

MARC details
000 -LEADER
fixed length control field 00560nam a22001937a 4500
003 - CONTROL NUMBER IDENTIFIER
control field OSt
005 - DATE AND TIME OF LATEST TRANSACTION
control field 20250428110728.0
008 - FIXED-LENGTH DATA ELEMENTS--GENERAL INFORMATION
fixed length control field 250428b |||||||| |||| 00| 0 eng d
022 ## - INTERNATIONAL STANDARD SERIAL NUMBER
Source 9966969102
040 ## - CATALOGING SOURCE
Original cataloging agency SEKU
050 ## - LIBRARY OF CONGRESS CALL NUMBER
Classification number TD 418
Item number .R35
100 ## - MAIN ENTRY--PERSONAL NAME
Relator code
110 ## - MAIN ENTRY--CORPORATE NAME
Corporate name or jurisdiction name as entry element SIDA
245 ## - TITLE STATEMENT
Title Rainwater catchment system: proceedings of the second National Conference on Rainwater Catchment Systems in Kenya Naiorbi.30th Auust -4th September, 1992
260 ## - PUBLICATION, DISTRIBUTION, ETC. (IMPRINT)
Place of publication, distribution, etc. Nairob: Kenya:
Name of publisher, distributor, etc. SIDA,
Date of publication, distribution, etc. 1993.
300 ## - PHYSICAL DESCRIPTION
Extent 261p.:
650 ## - SUBJECT ADDED ENTRY--TOPICAL TERM
Topical term or geographic name as entry element Water
General subdivision Rain
942 ## - ADDED ENTRY ELEMENTS (KOHA)
Source of classification or shelving scheme Library of Congress Classification
Koha item type General circulation
Holdings
Withdrawn status Lost status Source of classification or shelving scheme Damaged status Not for loan Home library Current library Shelving location Date acquired Source of acquisition Total Checkouts Full call number Barcode Date last seen Price effective from Koha item type
    Library of Congress Classification     SEHSS - Library SEHSS - Library Fiction 28/04/2025 Donation   [EHS] TD 418 .R35 2023/026314 28/04/2025 28/04/2025 General circulation
Kitui, Kenya.
+254736116989
library@seku.ac.ke